|
|
|
|
| LEADER |
00000nab a2200000 a 4500 |
| 001 |
vtls000687996 |
| 003 |
SK-MaSNL |
| 005 |
20260304235435.0 |
| 008 |
250426c1997 xo 0 slo |
| 015 |
|
|
|a SNBRB1999/04-09163
|
| 035 |
|
|
|a CLN000040163
|
| 035 |
|
|
|a urn:nbn:sk:snk-abirg
|
| 035 |
|
|
|a (urnnbn)urn:nbn:sk:snk:ar-a05tw3
|
| 035 |
|
|
|a (uuid)ab5136b6-2300-4e34-b89e-c3a163efd431
|
| 040 |
|
|
|a SNKBUCL
|b slo
|c SNKBUCL
|e AACR2
|
| 041 |
0 |
|
|a slo
|
| 044 |
|
|
|a xo
|c SK
|
| 080 |
|
|
|a 616.36-008.5-053.31
|2 1997
|
| 100 |
1 |
|
|a Mišová, R.
|4 aut
|9 1445492
|
| 245 |
1 |
0 |
|a Hyperbilirubinémia novorodenca - postgraduálny vzdelávací program upravený pre SZP
|c R. Mišová
|
| 300 |
|
|
|b Obr., tab.
|
| 650 |
0 |
7 |
|a hyperbilirubinémia
|x novorodenci
|2 snkbucl
|9 1413458
|
| 650 |
0 |
7 |
|a hyperbilirubinémia (hyperbilirubinemia)
|2 snkbucl
|9 1572976
|
| 650 |
0 |
7 |
|a novorodenecká žltačka
|2 snkbucl
|9 219268
|
| 650 |
0 |
7 |
|a krvné skupiny - inkompatibilita (blood group, incompatibility)
|2 snkbucl
|9 1572977
|
| 650 |
0 |
7 |
|a fototerapia
|2 snkbucl
|9 14120
|
| 650 |
0 |
7 |
|a vzdelávanie ďalšie ošetrovateliek (education, nursing, continuing)
|2 snkbucl
|9 1572978
|
| 650 |
0 |
7 |
|a transfúzia krvi
|2 SNKPH
|9 2513
|
| 655 |
|
7 |
|a články z novín a časopisov
|2 snkbucl
|9 267496
|
| 773 |
0 |
|
|t Neonatologické zvesti
|g Roč. 1, č. 2 (1997), s. 67-71
|x 1335-2504
|
| 850 |
|
|
|a Slovenská národná knižnica
|
| 852 |
|
|
|a Slovenská národná knižnica
|
| 954 |
|
|
|a odborná, vedecká literatúra pôvodná (slovenská)
|2 lita
|
| 958 |
|
|
|a article27
|
| 958 |
|
|
|a OND
|
| 958 |
|
|
|a EUIPO
|
| 999 |
|
|
|c 3208902
|d 3210832
|